Butcher's copy-editing : (Record no. 78091)
[ view plain ]
| 000 -LEADER | |
|---|---|
| fixed length control field | 00794nam a22002297a 4500 |
| 005 - DATE AND TIME OF LATEST TRANSACTION | |
| control field | 20130913143243.0 |
| 010 ## - LCCN (DPL NO) | |
| LC control number | ENG-108159 |
| 020 ## - INTERNATIONAL STANDARD BOOK NUMBER | |
| International Standard Book Number | 9780521719148 |
| Terms of availability | 595.00 |
| 035 ## - SYSTEM CONTROL NUMBER | |
| System control number | EN-91692 |
| 037 ## - SOURCE OF ACQUISITION | |
| Source of stock number/acquisition | DBAD/PUB |
| 082 ## - DEWEY DECIMAL CLASSIFICATION NUMBER | |
| Classification number | 808.027 |
| 100 ## - MAIN ENTRY--PERSONAL NAME | |
| Personal name | Butcher, Judith |
| 245 10 - TITLE STATEMENT | |
| Title | Butcher's copy-editing : |
| Statement of responsibility, etc | by Judith Butcher, Caroline Drake [and] Maureen Leach |
| Remainder of title | The cambridge handbook for editors, copy-editors and proofreaders / |
| 250 ## - EDITION STATEMENT | |
| Edition statement | 4th rev ed |
| 260 ## - PUBLICATION, DISTRIBUTION, ETC. (IMPRINT) | |
| Place of publication, distribution, etc | New Delhi |
| Name of publisher, distributor, etc | Cambridge University Press |
| Date of publication, distribution, etc | 2006 |
| 270 ## - ADDRESS | |
| Address | 4381/4, Ansari Road, Daryaganj |
| City | New Delhi |
| Postal code | 110002 |
| 300 ## - PHYSICAL DESCRIPTION | |
| Extent | xiv,543p. |
| Dimensions | 22cm(pbk) |
| 500 ## - GENERAL NOTE | |
| General note | Includes bibliographical references and index |
| 700 ## - ADDED ENTRY--PERSONAL NAME | |
| Personal name | Drake, Caroline |
| 700 ## - ADDED ENTRY--PERSONAL NAME | |
| Personal name | Leach, Maureen |
| 942 ## - ADDED ENTRY ELEMENTS (KOHA) | |
| Source of classification or shelving scheme | Dewey Decimal Classification |
| Item type | English Books |
| Call number suffix | BUT |
| Classification part | 808.027 |
| Withdrawn status | Lost status | Not for loan | Collection code | Home library | Current library | Date acquired | Source of acquisition | Cost, normal purchase price | Full call number | Barcode | Copy number | Cost, replacement price | Koha item type |
|---|---|---|---|---|---|---|---|---|---|---|---|---|---|
| Not For Loan | Non-fiction | D.B.Act.Division | D.B.Act.Division | 26/07/2013 | DBAD/PUB | 595.00 | 808.027 BUT | EN-91692 | 1 | 595.00 | English Books |
